| 000 -CABECERA |
| Longitud fija campo de control |
00510nam a2200157 a 4500 |
| 001 - NÚMERO DE CONTROL |
| Número de control |
824 |
| 003 - IDENTIFICADOR DEL NÚMERO DE CONTROL |
| Identificador del número de control |
CDMR |
| 005 - FECHA Y HORA DE LA ÚLTIMA TRANSACCIÓN |
| Fecha y hora de la última transacción |
20131014120722.0 |
| 008 - CÓDIGOS DE INFORMACIÓN DE LONGITUD FIJA |
| Códigos de información de longitud fija |
130130s1946||||||||||||||||||||||||||||d |
| 040 ## - FUENTE DE LA CATALOGACIÓN |
| Centro catalogador de origen |
CDMR |
| Lengua de catalogación |
cat |
| Centro transcriptor |
CDMR |
| 100 1# - PUNTO DE ACCESO PRINCIPAL-NOMBRE DE PERSONA |
| Nombre de persona |
Simón Diaz, José |
| 9 (RLIN) |
646 |
| 245 13 - MENCIÓN DE TÍTULO |
| Título |
El Artista |
| Resto del título |
: (Madrid 1835-1836) |
| Mención de responsabilidad, etc. |
José Simón Díaz |
| 260 ## - PUBLICACIÓN, DISTRIBUCIÓN, ETC. (PIE DE IMPRENTA) |
| Lugar de publicación, distribución, etc. |
Madrid |
| Fecha de publicación, distribución, etc. |
1946 |
| Nombre del editor, distribuidor, etc. |
Instituto Nicolás Antonio. Consejo Superior de Investigaciones Científicas |
| 490 0# - MENCIÓN DE SERIE |
| Mención de serie |
Colección de Índices de Publicaciones Periódicas |
| Designación de volumen o secuencia |
1 |
| 942 ## - ENTRADA DE ELEMENTOS AGREGADOS (KOHA) |
| Koha [por defecto] tipo de item |
Monografies |
| Fuente de clasificaión o esquema |
|